| 000 | nam a22 a 4500 | ||
|---|---|---|---|
| 999 |
_c475 _d475 |
||
| 003 | AKMAL | ||
| 005 | 20170504092529.0 | ||
| 008 | 170504s1995 my g 000 0 may d | ||
| 020 |
_a9676105678 _qpaperback: _cRM 16.00 |
||
| 040 | _aAKMAL | ||
| 082 | 0 | 4 | _a153.42 AIN |
| 090 |
_a153.42 _bAIN |
||
| 100 | 0 |
_aAinon Muhammad, _d1950- _eauthor. _9343 |
|
| 245 | 1 | 0 |
_aKursus berfikir tinggi / _cAinon & Abdullah |
| 264 | 1 |
_aKuala Lumpur : _bUtusan Publications & Distributors , _c1995 |
|
| 300 |
_a311 pages ; _c22 cm |
||
| 504 | _aBibliography: pages 293-311 | ||
| 533 |
_aElectronic reproduction. _bBatu Caves, Selangor : _cPTS Publishing House, _d2014. _nAvailable via World Wide Web |
||
| 650 | 1 | 0 |
_aThought and thinking _9913 |
| 650 | 2 | 0 |
_aCreative thinking _91035 |
| 650 | 2 | 0 |
_aPerception _91098 |
| 650 | 2 | 0 |
_aIdeology _91099 |
| 650 | 2 | 0 |
_aIntelligence levels _91100 |
| 700 | 0 |
_aAbdullah Hassan, _d1942- _eauthor. _9341 |
|
| 942 |
_2ddc _cBOOK |
||